|
|
|
|
| LEADER |
00000nam a22000007a 4500 |
| 003 |
cru CIDCACS/IIS |
| 005 |
20170304143228.0 |
| 007 |
ta |
| 008 |
170217n pe ||||| |||| 00| 0 spa d |
| 040 |
|
|
|c cru CIDCACS/IIS
|
| 090 |
|
|
|a REV0823
|
| 110 |
2 |
|
|9 3248
|a Centro de Estudios y Promoción del Desarrollo
|
| 245 |
1 |
|
|a QueHacer /
|c Centro de Estudios y Promoción del Desarrollo
|
| 260 |
|
|
|a Lima, Perú
|b DESCO
|
| 270 |
|
|
|a León de la Fuente 110, Lima 17
|d Perú
|
| 310 |
|
|
|a bimestral
|
| 500 |
|
|
|a EXISTENCIAS:1989 (56, 58-61) 1990 (62-67) 1991 (70-74) 1992 (75-80) 1993 (82-85) 1995 (97) 1997 (107) 2000 (122, 124-125) 2002 (135) 2012 (185)
|
| 650 |
|
4 |
|9 3249
|a PARLAMENTO
|
| 650 |
1 |
0 |
|9 83
|a DEMOCRACIA
|
| 650 |
|
4 |
|9 2646
|a RELACIONES INTERNACIONALES
|
| 650 |
1 |
0 |
|9 944
|a EDUCACION
|
| 650 |
1 |
0 |
|9 38
|a DERECHOS HUMANOS
|
| 650 |
|
4 |
|9 3250
|a MERCADO
|
| 650 |
1 |
0 |
|9 126
|a CULTURA
|
| 942 |
|
|
|2 ddc
|c PP
|
| 999 |
|
|
|c 18973
|d 18973
|